| 000 | 00659nam a2200229Ia 4500 | ||
|---|---|---|---|
| 003 | GCL | ||
| 008 | 140319s9999 xx 000 0 ara d | ||
| 020 | _a9105008200 | ||
| 040 |
_aGCL / _cGCL |
||
| 082 | 0 | 4 |
_a953 _bا ع |
| 100 | 1 | _aاسامة سليمان | |
| 245 | 1 | 0 |
_aالعرب ... وطنا ورسالة / _cاسامة سليمان |
| 300 |
_a159 ص ؛ _c20 سم |
||
| 490 | _a | ||
| 650 | 0 | 4 | _aالاسلام |
| 650 | 0 | 4 | _aالتاريخ الاسلامى |
| 650 | 0 | 4 | _aالدولة العباسية |
| 650 | 0 | 4 | _aالدولة الاموية |
| 650 | 0 | 4 | _aالتفسير |
| 650 | 0 | 4 | _aالعالم العربى - تاريخ |
| 942 |
_2ddc _cBK |
||
| 999 |
_c55308 _d55308 |
||